000 00322nam a2200109Ia 4500
008 160531s9999 xx 000 0 und d
100 _aVojta, Thomas.
245 _aPhases and Phase Transitions in Disordered Quantum Systems
245 _cby Thomas Vojta
260 _c2013
856 _uhttp://arxiv.org/pdf/1301.7746v1.pdf
999 _c295197
_d295197